Capítulos de historia y disertaciones /

Antología que recoge fragmentos de las principales obras del historiador y jesuita Francisco Xavier Clavigero (1731-1787): de su Historia antigua de México, así como de las disertaciones que siguen a esta historia del período prehispánico y la conquista, y de su Historia de la antigua o Baja Califor...

Full description

Saved in:
Bibliographic Details
Main Author: Clavigero, Francisco Xavier (autor)
Other Authors: Jiménez Rueda, Julio (selección y prólogo) (selección y prólogo), Prieto, Julio (ilustración) (ilustración)
Format: Book
Language:Español
Published: México : UNAM, 1944
Series:(Biblioteca del Estudiante Universitario ; 44)
Subjects:
Tags: Add Tag
No Tags, Be the first to tag this record!

MARC

LEADER 00000nam^a2200000^a^4500
001 000450881
005 20250521000000.0
009 20260310123758.905
037 |a Acervo Xavier Clavigero 
041 |a ESP 
082 |a 972.  |b CLA 
100 |a Clavigero, Francisco Xavier  |e (autor) 
245 1 0 |a Capítulos de historia y disertaciones /  |c F.X. Clavigero ; selec. y pról. de J. Jiménez Rueda ; il. de J. Prieto. 
264 1 |a México :  |b UNAM,  |c 1944 
300 |a XXVIII, 163 p. 
336 |a texto  |b txt  |2 rdacontenido 
337 |a sin mediación  |b n  |2 rdamedio 
338 |a volumen  |b nc  |2 rdasoporte 
440 1 |a (Biblioteca del Estudiante Universitario ;  |v 44) 
520 |a Antología que recoge fragmentos de las principales obras del historiador y jesuita Francisco Xavier Clavigero (1731-1787): de su Historia antigua de México, así como de las disertaciones que siguen a esta historia del período prehispánico y la conquista, y de su Historia de la antigua o Baja California, publicada tras la muerte del religioso. 
649 |a XX 
650 |a Jesuitas en Baja California -  |x Historia 
650 |a Jesuitas en México -  |x Historia 
650 |a Monasticismo y Ordenes Religiosas -  |z Baja California -  |x Historia 
650 |a Monasticismo y Ordenes Religiosas -  |z México -  |x Historia 
650 |a Iglesia Católica en Baja California -  |x Historia 
650 |a Iglesia Católica en México -  |x Historia 
650 |a Indígenas de México -  |x Historia 
650 |a Misiones -  |z Baja California -  |x Historia 
650 |a Misiones -  |z México -  |x Historia 
650 |a Evangelización -  |z Baja California -  |x Historia 
650 |a Evangelización -  |z México -  |x Historia 
650 |a Baja California -  |x Historia -  |y Epoca Colonial, 1517-1821 
650 |a México -  |x Historia -  |y Epoca Prehispánica 
650 |a México -  |x Historia -  |y Epoca Colonial, 1517-1821 
700 |a Jiménez Rueda, Julio  |e (selección y prólogo) 
700 |a Prieto, Julio  |e (ilustración) 
910 |a Fondo General 
920 |a Impresos - Libros 
930 |a Colección General 
905 |a 101 
901 |a 026617  |b IT1  |c ACC  |i D  |u 20250521 
902 |a https://opac.biblio.iteso.mx/vufind/Record/000450881